000 00881cam a22002653a 4500
001 17648
003 PGUSA
005 20140828083357.0
008 060131s2006||||xxu|||||s|||||000 | eng d
040 _aPGUSA
_beng
042 _adc
050 4 _aE151
100 1 _aMuirhead, James F.
_q(James Fullarton),
_d1853-1934
245 1 4 _aThe Land of Contrasts :
_bA Briton's View of His American Kin
_h[electronic resource] /
_cJames F. Muirhead
260 _bProject Gutenberg,
_c2006
506 _aPublic domain in the USA.
516 _aElectronic text
653 _aUnited States -- Social life and customs -- 1865-1918
653 _aUnited States -- Description and travel
653 _aNational characteristics, American
653 _aUnited States -- Civilization
830 0 _aProject Gutenberg
_v17648
856 4 0 _uhttp://www.gutenberg.org/ebooks/17648
942 _cEB
999 _c246903
_d246903